| 000 | 01031nam a22002657a 4500 | ||
|---|---|---|---|
| 003 | BD-DhSAU | ||
| 005 | 20230711122732.0 | ||
| 008 | 150612b2021 bg ad||| m||| 00| 0 eng d | ||
| 040 | _aBD-DhSAU | ||
| 082 |
_222 _a595.7 _bSa191 |
||
| 100 |
_aSAHA, SUMON _4Registration No # 07-02316 |
||
| 245 |
_aCross-cutting issues of pesticides and hazard free management of brinjal shoot and fruit borer in bangladesh / _bPh.D. Thesis |
||
| 260 |
_aSher-e-Bangla Agricultural University: _bDepartment of Entomology, _c2020, |
||
| 300 |
_axvi, 228p. : _bill. ; _c30 cm. |
||
| 500 | _aPh.D. thesis | ||
| 504 | _aIncludes bibliographical reference. | ||
| 590 | _aNazmul | ||
| 650 | _aCross-cutting issues | ||
| 650 | _apesticides and hazard free management | ||
| 651 | _abrinjal shoot and fruit borer in bangladesh | ||
| 700 |
_aProf. Dr. Md. Razzab Ali _eChairman |
||
| 710 |
_4Prof. Dr. Md. Abdul Latif _aMember |
||
| 856 | _uhttp://archive.saulibrary.edu.bd:8080/xmlui/handle/123456789/4924 | ||
| 942 |
_2ddc _cPHD |
||
| 999 |
_c16914 _d16913 |
||